000 00549nam a2200181 a 4500
001 000025804
005 20200930024048.0
008 110217s1969 sp a r 000 | spa d
040 _aDO-SdBNP
_bspa
_cBNPHU
082 _axxxxx
_bR894m
100 1 _aRuano Ramos, Juan Antonio,
_952616
245 1 3 _aLa moral católica para la escuela y para la vida :
_bquinto curso /
_cJuan Antonio Ruano Ramos.
260 _aSalamanca :
_bAnaya ,
_c1969.
300 _a206 p. ;
_c21 cm.
490 1 _aTextos Anaya
830 0 _aTextos Anaya
_952617
049 _aBNGR
999 _c25296
_d25296